NBA Players from Murray State - Statistics

General Stats
  • This quiz has been taken 8 times
    3 since last reset
  • The average score is 6 of 12
Answer Stats
Position Player Draft Year % Correct
G Ja Morant 2019
100%
G Cameron Payne 2015
67%
G Isaiah Canaan 2013
67%
PF Popeye Jones 1992
67%
C Dick Cunningham 1968
33%
F Erik McCree 2017
33%
F James Singleton 2003
33%
GF Jeff Martin 1989
33%
SF Joe Fulks N/A
33%
PF Larry Moffett 1977
33%
G Marcus Brown 1996
33%
SG Shaq Buchanan 2019
33%
No matching quizzes found
Score Distribution
Percent of People with Each Score
Percentile by Number Answered
Your Score History
You have not taken this quiz since the last reset